MDQL
is popping MORE tags! Check the
thread
!
Quizzes
Events
Quiz Creation
Community
Videos
Private Events
Remove Ads
Sign In
Join for FREE
Feedback
Dark Mode
Quiz Categories
Sports
Geography
Music
Movies
Television
Just For Fun
Miscellaneous
History
Literature
Language
Science
Gaming
Entertainment
Religion
Holiday
For Kids
Quiz Lab
Recent
Popular Today
Quiz Kudos Today
Editor Picks
Curator Picks
Quizzes by...
Day
Popularity
Type
Ratings
Length
Year
Community
Subscriptions
Recent Discussions
Orange Saloon
Badges
Playlists
Quests
Create
Leaderboards
Showdown
Live 5
Trivia Bingo
Activity
Puzzle Library
Sporcle Events
Private Events
Virtual Trivia
Globe League
Become a Host
Pub Owners
SporcleCon
Opinionation
Our Games
Videos
Blog
Mobile Apps
Partnerships
Remove Ads and Go Orange
Feedback
Language
Vocabulary
Begins and Ends
Definition
Spanish
French
German
Italian
Chinese
Latin
Translation
Japanese
Language
Vocabulary
Begins and Ends
Definition
Spanish
French
German
Italian
Chinese
Latin
Translation
Japanese
Random Quiz
Search Sporcle
×
Quiz Lab
Quiz Lab
Language
Spanish
Type in answers that appear in a list
Type in answers that appear in a list
Classic
Best Score? Go Orange.
A - Level Spanish Unit 7.2 Stats
Can you name the 7.2 Nos faltan deportistas y marinos?
By
matildamurphy28
10m
32 Questions
6 Plays
6 Plays
6 Plays
Comments
Comments
Give Quiz Kudos
Give Quiz Kudos
-
- Ratings
hide this ad
Replay
Link that replays current quiz
Next Quiz
Link to next quiz in quiz playlist
You Got
0%
They Got
Avg Score
22%
Avg Friend Score
Upgrade to see
Score Distribution
Jump to the score distribution portion of the page
Score
0/32
Timer
10:00
0
Plays Today
Hint
Answer
% Correct
to save
ahorrar
83.3%
contract offering poor conditions
el contrato precario
50%
to run risks
correr riesgos
50%
sports coach
el
50%
border
la frontera
50%
inhabitant
el
50%
to retire
jubilarse
50%
job market
el mercado laboral
50%
to feed
alimentar
33.3%
domestic demand
la demanda interna
33.3%
sailor
el marino
33.3%
to pay taxes
pagar impuestos
33.3%
to go back
retroceder
33.3%
to survive
sobrevivir
33.3%
to rely on
apoyarse (en)
16.7%
entrepreneurial
emprendedor
16.7%
Hint
Answer
% Correct
to age
envejecer (envejezco)
16.7%
qualified workforce
la mano de obra cualificada
16.7%
pension scheme
el plan de pensiones
16.7%
to change abode/
sector
cambiar de residencia
0%
welfare
el bienestar
0%
to rely on immigration
confiar (confío) en la inmigración
0%
to look after the elderly
cuidar a los mayores
0%
to perform a job
desempeñar un puesto
0%
to be prepared to
estar (estoy) dispuesto (a)
0%
to be needed
hacer (hago) falta
0%
merchant navy
la marina mercante
0%
fear of immigrants
el miedo al inmigrante
0%
job offer
la oferta de trabajo
0%
destination country
el país receptor
0%
to lose population
perder (pierdo) población
0%
to process the authorisation
tramitar la autorización
0%
Quiz Playlist
Details
Report
Send in Message
Add To Playlist
Classic:
Type in answers that appear in a list
Last Updated: Sep 27, 2019
Quiz Scoreboard
CHALLENGE
Sign Up to Join the Scoreboard
Show All
Scores
Hide
Comments
May contain spoilers
Recently Published
Colored Red Africa Blitz
by spor1
Geography
30s
Find the 'City' Movie
by crazypaving
Movies
60s
5x2 Blitz: Bands
by SL_Kpop136
Music
30s
More to Explore
Quiz From the Vault
Featured Blog Post
14 Easter Pick-up Lines to Find Eggs With
hide this ad
You Might Also Like...
Tags
Spanish Quiz
Level
nos
unit
Today's Top Quizzes in Language
Browse Language
hide this ad
Today's Top Quizzes in Spanish
Browse Spanish
Top Contributed Quizzes in Language
1
Arabic Numerals
2
1-10 Letter H Words III
3
1-10 Letter F Words III
4
1-10 Letter G Words III
5
1-10 Letter I Words III
6
1-10 Letter M Words III
7
1-10 Letter K Words III
8
1-10 Letter L Words III
9
1-10 Letter N Words III
10
1-10 Letter J Words III
Explore More
Trending Topics
Marvel
Harry Potter
Anime
Crossword
Disney
Kpop
NBA
Soccer
Country
The Office
Puzzle
WWE
Song
Pokémon
NFL
hide this ad
More By:
matildamurphy28
Quiz
Plays
Rating
Category
Featured
Created
A Level Spanish - Unit 5.3
11
Language
Jun 28, 2019
adjetivos de ELDF
10
Language
Feb 9, 2019
A Level Spanish - Unit 6.1
7
Language
Jun 28, 2019
A Level Spanish - Unit 6.2
7
Language
Jun 28, 2019
A - Level Spanish Unit 7.2
6
Language
Sep 27, 2019
Go to Creator's Profile
Score Distribution
Quiz Creator Spotlight
matildamurphy28
Follow
Send a Message
Quizzes Created
-
Created Quiz Play Count
-
More By This Creator
Popular Quizzes Today
1
Colored Red Africa Blitz
2
Find the 'City' Movie
3
Find the US States - No Outlines Minefield
4
5x2 Blitz: Bands
5
The Countries of the World
6
Find the US States
7
US States
8
9x9 Crossword: Cartoon Network
More Language Quizzes
Word Laddyrinth III
Published
Trending Quizzes
Colored Red Europe Blitz I
Colored Red Europe Blitz II
Colored Red Africa Blitz II
Colored Red Africa Blitz III
Colored Red Europe Blitz III
Recently Updated
Godzilla Movies
pecheneg
Grab Bag: 4-10 Letters
pecheneg
2024 March Madness Bracket
pecheneg
Famous TV Couples
Peacemaker
Champions League XIs: Real Madrid
pecheneg
Largest US Cities 1790-2010
pecheneg
Rides in Walt Disney World
pecheneg
Most Oscar Losses (Acting)
pecheneg
Beyoncé Albums
pecheneg
Leaping Animals
pecheneg
Trending Topics
Harry Potter
NBA
Anime
Disney
Kpop
Crossword
Marvel
Puzzle
WWE
Soccer
Song
NFL
Country
Pokémon
The Office
Your Account Isn't Verified!
In order to create a playlist on Sporcle, you need to verify the email address you used during registration. Go to your
Sporcle Settings
to finish the process.
Report this User
Report this user for behavior that violates our
Community Guidelines
.
Details:
Send Report
Go to the Sporcle.com Mobile Site →
Comments